LEADER 01192nam--2200397---450- 001 990002717090203316 005 20060307100632.0 010 $a88-17-00905-9 035 $a000271709 035 $aUSA01000271709 035 $a(ALEPH)000271709USA01 035 $a000271709 100 $a20060307d2006----km-y0itay0103----ba 101 1 $aita 102 $aIT 105 $ay|||z|||001yy 200 1 $aAnatomia dei processi di Norimberga$fTelford Taylor$gtraduzione di Orsola Fenghi 205 $a2. ed 210 $aMilano$cRizzoli$d2006 215 $a727 p.$d23 cm 225 2 $aCollana storica Rizzoli 410 0$12001$aCollana storica Rizzoli 454 1$12001$a<> anatomy of the Nuremberg trials$919244 461 1$1001-------$12001 606 0 $aProcesso di Norimberga <1945-1946> 676 $a341.690268 700 1$aTAYLOR,$bTelford$0251701 702 1$aFENGHI,$bOrsola 801 0$aIT$bsalbc$gISBD 912 $a990002717090203316 951 $aX.3.B. 3358 (III E 2391)$b186388 L.M.$cIII E$d00177267 959 $aBK 969 $aUMA 979 $aANNAMARIA$b90$c20060307$lUSA01$h1006 996 $aAnatomy of the Nuremberg trials$919244 997 $aUNISA LEADER 02125nam0 22005053i 450 001 VAN0161843 005 20230614105930.510 017 70$2N$a9783319416441 100 $a20210614d2016 |0itac50 ba 101 $aeng 102 $aCH 105 $a|||| ||||| 200 1 $aBayesian Inference$eData Evaluation and Decisions$fHanns Ludwig Harney 205 $a2. ed 210 $aCham$cSpringer$d2016 215 $axiii, 243 p.$cill.$d24 cm 500 1$3VAN0161844$aBayesian Inference : Data Evaluation and Decisions$91805129 606 $a62-XX$xStatistics [MSC 2020]$3VANC022998$2MF 606 $a62F15$xBayesian inference [MSC 2020]$3VANC024528$2MF 606 $a62Pxx$xApplications of statistics [MSC 2020]$3VANC027777$2MF 610 $aBayesian Decision Theory$9KW:K 610 $aCommuting Parameters Physics$9KW:K 610 $aData Analysis Physics$9KW:K 610 $aFactorizing Parameters Physics$9KW:K 610 $aFitting Experimental Data$9KW:K 610 $aFourier Expansion$9KW:K 610 $aGeometric Prior Distribution$9KW:K 610 $aHistogram Coherent Alternative$9KW:K 610 $aHistogram Fitting$9KW:K 610 $aMultinomial Distribution$9KW:K 610 $aPartial Form Invariance$9KW:K 610 $aStatistical Analysis Physics$9KW:K 610 $aStatistical Testing and Model Choice$9KW:K 610 $aSymmetry Group Physics$9KW:K 620 $aCH$dCham$3VANL001889 700 1$aHarney$bHanns Ludwig$3VANV145903$047556 712 $aSpringer $3VANV108073$4650 801 $aIT$bSOL$c20240614$gRICA 856 4 $uhttp://doi.org/10.1007/978-3-319-41644-1$zE-book ? Accesso al full-text attraverso riconoscimento IP di Ateneo, proxy e/o Shibboleth 899 $aBIBLIOTECA DEL DIPARTIMENTO DI MATEMATICA E FISICA$1IT-CE0120$2VAN08 912 $fN 912 $aVAN0161843 950 $aBIBLIOTECA DEL DIPARTIMENTO DI MATEMATICA E FISICA$d08CONS e-book 2665 $e08eMF2665 20210614 996 $aBayesian Inference : Data Evaluation and Decisions$91805129 997 $aUNICAMPANIA LEADER 01819nam2 22004213i 450 001 VAN0278345 005 20240731023449.425 017 70$2N$a9789811665776 100 $a20240620d2022 |0itac50 ba 101 $aeng 102 $aSG 105 $a|||| ||||| 200 1 $aˆ2: ‰Topological Groups, Topology of Manifolds and Lie Groups$fAvishek Adhikari, Mahima Ranjan Adhikari 210 $aSingapore$cSpringer$d2022 215 $axxiv, 367 p.$cill.$d24 cm 461 1$1001VAN0278343$12001 $aBasic Topology$1210 $aSingapore$cSpringer$d2022$1215 $a3 volumi$cill.$d24 cm$v2 606 $a54H11$xTopological groups (topological aspects) [MSC 2020]$3VANC028927$2MF 606 $a57N17$xTopology of topological vector spaces [MSC 2020]$3VANC024218$2MF 610 $aCohomology$9KW:K 610 $aC°°-structures$9KW:K 610 $aHomology$9KW:K 610 $aHomotopy$9KW:K 610 $aLie algebra$9KW:K 610 $aLie groups$9KW:K 610 $aManifolds$9KW:K 610 $aTopological Manifolds$9KW:K 620 $aSG$dSingapore$3VANL000061 700 1$aAdhikari$bAvishek$3VANV081367$0721186 701 1$aAdhikari$bMahima Ranjan$3VANV230878$0957608 712 $aSpringer $3VANV108073$4650 801 $aIT$bSOL$c20240802$gRICA 856 4 $uhttps://doi.org/10.1007/978-981-16-6577-6$zE-book ? Accesso al full-text attraverso riconoscimento IP di Ateneo, proxy e/o Shibboleth 899 $aBIBLIOTECA DEL DIPARTIMENTO DI MATEMATICA E FISICA$1IT-CE0120$2VAN08 912 $fN 912 $aVAN0278345 950 $aBIBLIOTECA DEL DIPARTIMENTO DI MATEMATICA E FISICA$d08CONS e-Book 8968 $e08eMF8968 20240701 996 $aTopological Groups, Topology of Manifolds and Lie Groups$94165376 997 $aUNICAMPANIA